| 000 | 01416cam a22002054a 4500 | ||
|---|---|---|---|
| 005 | 20250605163421.0 | ||
| 008 | 250528s ||||||||||||||||||||||||d | ||
| 035 | _a18754 | ||
| 020 | _a9602863692 | ||
| 040 |
_aGR-AtMCL _bgre _dGR-AtMCL _eAACR2 |
||
| 245 | 1 | _aΕυρωπαϊκή Ενοποίηση / 2η Έκδοση Βελτιωμένη | |
| 250 | _a2η | ||
| 260 |
_bΈλλην, _c1999 |
||
| 300 | _a276 | ||
| 520 | _aΙστορική Αναδρομή της Ευρωπαϊκής Ιδέας, Από τη Συνθήκη της Ρώμης στην Εσωτερική Αγορά, Βασικές Έννοιες του Θεσμικού Κοινοτικού Δικαίου, Τα Όργανα της Ευρωπαϊκής Ένωσης, Η Κοινή Αγορά (Βασικές Κοινοτικές Ελευθερίες), Πολιτική Ανταγωνισμού, Βιομηχανική Πολιτική και Έρευνα, Κοινή Αγροτική Πολιτική, Περιφερειακή Πολιτική της Κοινότητας, Ο Προϋπολογισμός της Ευρωπαϊκής Ένωσης, Φορολογική και Δημοσιονομική Πολιτική, Οικονομική και Νομισματική Ένωση, Η Κοινωνική Πρόκληση, Βιβλιογραφία. | ||
| 700 | 1 | _aΣαρρής Νίκος | |
| 942 | _cBK | ||
| 999 |
_c4071 _d4071 |
||